000 00382nam a2200133Ia 4500
008 220217s9999||||xx |||||||||||||| ||und||
020 _a1-8841-3378-9
082 _a005.43 DAN
100 _aDanesh, Arman
_93280
245 0 _aMarketing linux work: essentiol tops and techniques
260 _aThomson learning
_bAustralia
_c2002
300 _b921
650 _aOperating systems
999 _c171300
_d171300